[Event "SVK-chT2B 1617"]
[Site "Slovakia"]
[Date "2016.11.06"]
[Round "4.2"]
[White "Jakubek, Peter"]
[Black "Gulbis, Adrian"]
[Result "1-0"]
[WhiteElo "2193"]
[BlackElo "2119"]
[PlyCount "65"]
[EventDate "2016.10.08"]
[EventType "team-tourn"]
[EventRounds "11"]
[EventCountry "SVK"]
[SourceTitle "CBM 175 Extra"]
[Source "ChessBase"]
[SourceDate "2016.12.12"]
[SourceVersion "1"]
[SourceVersionDate "2016.12.12"]
[SourceQuality "1"]
[WhiteTeam "Povazska Bystrica II"]
[BlackTeam "Surany Lokomotiva"]
[WhiteTeamCountry "SVK"]
[BlackTeamCountry "SVK"]

1. d4 d5 2. Bf4 Nf6 3. e3 c6 4. Bd3 Bg4 5. f3 Bh5 6. Ne2 e6 7. 0-0 Bg6 8. Bg3 Bd6 9. c3 Qc7 10. Nf4 Nbd7 11. Nxg6 hxg6 12. Bxd6 Qxd6 13. f4 0-0-0 14. h3 Nh5 15. Nd2 f5 16. c4 Ng3 17. Rf3 Nh5 18. c5 Qe7 19. b4 Nb8 20. b5 Kd7 21. Qa4 Ke8 22. Qxa7 Kf7 23. Rb1 Rd7 24. Rf2 cxb5 25. Bxb5 Nc6 26. Bxc6 bxc6 27. Qa6 Rc7 28. Nf3 Ng3 29. Rfb2 Rhc8 30. Rb8 Rxb8 31. Rxb8 Ne4 32. Qa8 g5 33. Ne5+ 1-0

[Event "SVK-chT2B 1516"]
[Site "Slovakia"]
[Date "2016.02.13"]
[Round "8.5"]
[White "Gulbis, Adrian"]
[Black "Dzurenda, Vladimir"]
[Result "1-0"]
[WhiteElo "2049"]
[BlackElo "1871"]
[PlyCount "43"]
[EventDate "2015.10.17"]
[EventType "team-tourn"]
[EventRounds "11"]
[EventCountry "SVK"]
[SourceTitle "EXT 2019"]
[Source "ChessBase"]
[SourceDate "2018.10.10"]
[SourceVersion "1"]
[SourceVersionDate "2018.10.10"]
[SourceQuality "1"]
[WhiteTeam "Podhajska Termal"]
[BlackTeam "Bojnice SK PRM"]
[WhiteTeamCountry "SVK"]
[BlackTeamCountry "SVK"]

1. e4 d6 2. d4 Nf6 3. Nc3 c6 4. a4 g6 5. f4 Bg7 6. Nf3 0-0 7. Bd3 Bg4 8. h3 Bxf3 9. Qxf3 Nbd7 10. e5 Ne8 11. a5 c5 12. Qxb7 cxd4 13. Nd5 dxe5 14. Nxe7+ Qxe7 15. Qxa8 Nc5 16. 0-0 e4 17. b4 Nb7 18. Re1 Qxb4 19. Ba3 Qxe1+ 20. Rxe1 Ned6 21. Qxa7 exd3 22. cxd3 1-0

[Event "SVK-chT2B 1516"]
[Site "Slovakia"]
[Date "2016.01.24"]
[Round "7.6"]
[White "Batora, Matej"]
[Black "Gulbis, Adrian"]
[Result "0-1"]
[WhiteElo "1902"]
[BlackElo "2040"]
[PlyCount "74"]
[EventDate "2015.10.17"]
[EventType "team-tourn"]
[EventRounds "11"]
[EventCountry "SVK"]
[SourceTitle "EXT 2019"]
[Source "ChessBase"]
[SourceDate "2018.10.10"]
[SourceVersion "1"]
[SourceVersionDate "2018.10.10"]
[SourceQuality "1"]
[WhiteTeam "Tlmace NSK"]
[BlackTeam "Podhajska Termal"]
[WhiteTeamCountry "SVK"]
[BlackTeamCountry "SVK"]

1. e4 c5 2. Nf3 d6 3. d4 Nf6 4. Nc3 cxd4 5. Nxd4 a6 6. f3 e5 7. Nb3 Be6 8. Be3 Nbd7 9. Qd2 Be7 10. g4 h6 11. 0-0-0 Qc7 12. h4 0-0-0 13. Bg2 Nb6 14. Bxb6 Qxb6 15. g5 hxg5 16. hxg5 Nh7 17. f4 exf4 18. Bh3 Qe3 19. Qxe3 fxe3 20. Nd5 Bxg5 21. Kb1 Nf6 22. Nxf6 Rxh3 23. Rxh3 Bxh3 24. Nd5 Re8 25. Nc3 Bf4 26. Re1 Bg2 27. Nd5 g5 28. Nxe3 Bxe4 29. Nd4 Bg6 30. Ng2 Rxe1+ 31. Nxe1 Be4 32. Nd3 Be5 33. Ne2 Bxd3 34. cxd3 g4 35. Kc1 d5 36. Kd1 d4 37. Ke1 Kd7 0-1

[Event "SVK-chT2B 1516"]
[Site "Slovakia"]
[Date "2015.11.08"]
[Round "4.1"]
[White "Gulbis, Adrian"]
[Black "Dvoranova, Maria"]
[Result "0-1"]
[WhiteElo "2038"]
[BlackElo "1899"]
[PlyCount "68"]
[EventDate "2015.10.17"]
[EventType "team-tourn"]
[EventRounds "11"]
[EventCountry "SVK"]
[SourceTitle "EXT 2019"]
[Source "ChessBase"]
[SourceDate "2018.10.10"]
[SourceVersion "1"]
[SourceVersionDate "2018.10.10"]
[SourceQuality "1"]
[WhiteTeam "Podhajska Termal"]
[BlackTeam "Surany Lokomotiva"]
[WhiteTeamCountry "SVK"]
[BlackTeamCountry "SVK"]

1. d4 Nf6 2. c4 e6 3. Nf3 d5 4. Nc3 Nbd7 5. Bg5 c6 6. cxd5 exd5 7. e3 h6 8. Bh4 Be7 9. Bd3 0-0 10. Qc2 Ne8 11. Bg3 Ndf6 12. Ne5 Nd6 13. f3 Be6 14. 0-0-0 Nc4 15. Bxc4 dxc4 16. e4 Qc8 17. Qe2 b5 18. Nxc6 Qxc6 19. d5 Bxd5 20. exd5 Qd7 21. d6 Bd8 22. Nd5 Nxd5 23. Rxd5 Re8 24. Qc2 g6 25. Rhd1 Bb6 26. Be5 Re6 27. Qc3 Rae8 28. Bd4 Bd8 29. Qb4 a5 30. Qc5 Bg5+ 31. Kb1 Re1 32. Kc2 R8e2+ 33. Kc3 Rxd1 34. b3 Rc1# 0-1

[Event "SVK-chT2B 1516"]
[Site "Slovakia"]
[Date "2015.11.07"]
[Round "3.1"]
[White "Gulbis, Adrian"]
[Black "Turicik, Dusan"]
[Result "1-0"]
[WhiteElo "2038"]
[BlackElo "1614"]
[PlyCount "61"]
[EventDate "2015.10.17"]
[EventType "team-tourn"]
[EventRounds "11"]
[EventCountry "SVK"]
[SourceTitle "EXT 2019"]
[Source "ChessBase"]
[SourceDate "2018.10.10"]
[SourceVersion "1"]
[SourceVersionDate "2018.10.10"]
[SourceQuality "1"]
[WhiteTeam "Podhajska Termal"]
[BlackTeam "Sala Slovan Duslo"]
[WhiteTeamCountry "SVK"]
[BlackTeamCountry "SVK"]

1. d4 e6 2. c4 Nf6 3. Nf3 b6 4. a3 Bb7 5. Nc3 c5 6. d5 exd5 7. cxd5 d6 8. e4 Nbd7 9. Bc4 Be7 10. 0-0 0-0 11. h3 h6 12. Bf4 Nh5 13. Bh2 a6 14. a4 Bf6 15. Bxd6 Re8 16. Re1 Be5 17. Bxe5 Nxe5 18. Nxe5 Rxe5 19. Qf3 Qf6 20. Qxf6 Nxf6 21. f4 Re7 22. f5 Rae8 23. d6 Rd7 24. e5 Nh7 25. e6 fxe6 26. Bxe6+ Rxe6 27. Rxe6 Kf7 28. Rae1 Bc6 29. Re7+ Rxe7 30. Rxe7+ Kf8 31. Rc7 1-0

[Event "SVK-chT2B 1516"]
[Site "Slovakia"]
[Date "2015.10.18"]
[Round "2.3"]
[White "Gulbis, Adrian"]
[Black "Gyopos, Istvan"]
[Result "1-0"]
[WhiteElo "2043"]
[BlackElo "1936"]
[PlyCount "53"]
[EventDate "2015.10.17"]
[EventType "team-tourn"]
[EventRounds "11"]
[EventCountry "SVK"]
[SourceTitle "EXT 2019"]
[Source "ChessBase"]
[SourceDate "2018.10.10"]
[SourceVersion "1"]
[SourceVersionDate "2018.10.10"]
[SourceQuality "1"]
[WhiteTeam "Podhajska Termal"]
[BlackTeam "Batorove Kosihy"]
[WhiteTeamCountry "SVK"]
[BlackTeamCountry "SVK"]

1. d4 f5 2. e4 fxe4 3. Nc3 Nf6 4. Bg5 c6 5. f3 Qa5 6. Qd2 d6 7. fxe4 Nbd7 8. Nf3 e5 9. Rd1 exd4 10. Nxd4 Ne5 11. Be2 Be7 12. 0-0 0-0 13. Nd5 Qd8 14. Nxe7+ Qxe7 15. Nf5 Bxf5 16. Rxf5 Rad8 17. Rdf1 Kh8 18. Qe3 b6 19. Qf2 Ned7 20. Qh4 Rde8 21. Bd3 Qe6 22. e5 dxe5 23. Rxf6 Nxf6 24. Rxf6 Qg8 25. Bc4 gxf6 26. Bxg8 Kxg8 27. Bxf6 1-0

[Event "SVK-chT2B 1516"]
[Site "Slovakia"]
[Date "2015.10.17"]
[Round "1.4"]
[White "Jakab, Bela"]
[Black "Gulbis, Adrian"]
[Result "1-0"]
[WhiteElo "1957"]
[BlackElo "2043"]
[PlyCount "77"]
[EventDate "2015.10.17"]
[EventType "team-tourn"]
[EventRounds "11"]
[EventCountry "SVK"]
[SourceTitle "EXT 2019"]
[Source "ChessBase"]
[SourceDate "2018.10.10"]
[SourceVersion "1"]
[SourceVersionDate "2018.10.10"]
[SourceQuality "1"]
[WhiteTeam "Komarno KSC"]
[BlackTeam "Podhajska Termal"]
[WhiteTeamCountry "SVK"]
[BlackTeamCountry "SVK"]

1. e4 c5 2. Nf3 d6 3. c3 Nf6 4. Qc2 Qc7 5. Bc4 Bg4 6. d3 Nc6 7. Bf4 e6 8. Nbd2 Be7 9. 0-0 0-0 10. Rfe1 Rac8 11. h3 Bh5 12. Bg3 h6 13. Nh2 Bg6 14. Ng4 Nxg4 15. hxg4 Ne5 16. Bxe5 dxe5 17. g3 Rfd8 18. Kg2 a6 19. a4 Bf6 20. Rh1 Qd7 21. a5 Bg5 22. Nf3 f6 23. Rab1 Kf7 24. b4 cxb4 25. Rxb4 Rc7 26. Rhb1 Rdc8 27. Qb3 Kf8 28. Bxe6 Qxd3 29. Bxc8 Rxc3 30. Qd1 Qxd1 31. Rxd1 Rxc8 32. Rd7 h5 33. gxh5 Bxh5 34. Nxg5 fxg5 35. Rbxb7 Bg6 36. Rb4 Kg8 37. Rd6 Kh7 38. Rxa6 Rc3 39. g4 1-0

[Event "SVK-chT2B 1112"]
[Site "Slovakia"]
[Date "2012.01.29"]
[Round "9.6"]
[White "Zatko, Gregor"]
[Black "Gulbis, Adrian"]
[Result "1-0"]
[WhiteElo "2063"]
[BlackElo "2121"]
[PlyCount "153"]
[EventDate "2011.10.08"]
[EventType "team-tourn"]
[EventRounds "11"]
[EventCountry "SVK"]
[SourceTitle "EXT 2013"]
[Source "ChessBase"]
[SourceDate "2012.11.22"]
[SourceVersion "1"]
[SourceVersionDate "2012.11.22"]
[SourceQuality "1"]
[WhiteTeam "Levice"]
[BlackTeam "Nove Zamky Basta"]
[WhiteTeamCountry "SVK"]
[BlackTeamCountry "SVK"]

1. d4 d5 2. Nf3 Nf6 3. Bf4 Bf5 4. c4 dxc4 5. Nc3 c6 6. a4 e6 7. e3 Nd5 8. Bxc4 Nxf4 9. exf4 Bd6 10. Qd2 0-0 11. 0-0 Nd7 12. Rfe1 Nb6 13. Bf1 a5 14. Qe3 Bb4 15. Red1 Qc7 16. Ne5 f6 17. Nc4 Nd5 18. Nxd5 exd5 19. Na3 Rfe8 20. Qf3 Re4 21. g3 Qd7 22. Qb3 Rae8 23. Nc2 Bd6 24. Ne3 Bg6 25. Bg2 R4e7 26. Rac1 Be4 27. Bxe4 Rxe4 28. Kg2 f5 29. h4 Qf7 30. Qd3 Qg6 31. Kh2 Qh5 32. Ng2 Bb4 33. Rc2 Qg6 34. Ne3 Qf6 35. Kg2 Bd6 36. h5 g6 37. hxg6 hxg6 38. Rcd2 g5 39. fxg5 Qxg5 40. Nf1 Bb4 41. Rc2 Bd6 42. Nd2 Re3 43. fxe3 Rxe3 44. Nf1 Rxd3 45. Rxd3 f4 46. Rf2 Qg6 47. Rff3 Qe4 48. Kf2 Bb4 49. gxf4 Qe1+ 50. Kg1 Qe2 51. b3 b5 52. f5 bxa4 53. bxa4 c5 54. dxc5 Bxc5+ 55. Kh1 d4 56. f6 Kf7 57. Ng3 Qe1+ 58. Kg2 Qe8 59. Rf5 Ba7 60. Rxa5 Qc6+ 61. Kh3 Bb6 62. Rf5 Qxa4 63. Ne4 Qc2 64. Rff3 Qc8+ 65. Kh4 Qh8+ 66. Kg4 Qc8+ 67. Rf5 Qc2 68. Ng5+ Kg6 69. f7 Bc5 70. Rdf3 Qg2+ 71. Rg3 Qe2+ 72. Rff3 Bf8 73. Kh3 Kh5 74. Rf4 d3 75. Ne4 Be7 76. f8Q Bxf8 77. Rh4# 1-0